| 000 | 01547nam a2200373 a 4500 | ||
|---|---|---|---|
| 001 | vtls001988933 | ||
| 003 | NLI | ||
| 005 | 20210630141027.0 | ||
| 008 | 180403 2005 sz 000 0 eng d | ||
| 022 | _a1020-816X | ||
| 039 | 9 |
_a201804031420 _bsubratam _y201804031419 _zsubratam |
|
| 040 |
_aNLI _beng _eAACR2 |
||
| 041 | 0 | _aeng | |
| 044 | _asz | ||
| 082 | 0 | 4 |
_a338.9 _223 |
| 245 | 0 | 4 |
_aThe search for policy autonomy in the South _b: universalism, social learning, and the role of regionalism / _cNorman Girvan |
| 260 |
_aGeneva : _bUnited Nations Research Institute for Social Development, _c[2005]: |
||
| 300 |
_av, 15 p. ; _c30 cm. |
||
| 440 | 0 |
_aUNRISD overarching concerns paper ; _vno. 9 _91236362 |
|
| 500 | _aSummary in English, French, and Spanish. | ||
| 504 | _aIncludes bibliographical references (p. 12-13). | ||
| 650 | 0 |
_aEconomic assistance _zDeveloping countries. _9699430 |
|
| 650 | 0 |
_aEconomic assistance _zDeveloping countries. _9699430 |
|
| 651 | 0 |
_aeveloped countries _xForeign economic relations _zDeveloping countries. _91331417 |
|
| 710 | 2 |
_aUnited Nations Research Institute for Social Development. _9744114 |
|
| 887 | _aSubratam | ||
| 901 |
_aUN-33434 _bdt. 3.2.2006 |
||
| 902 |
_aUN 338.9 _bSe 17 (Pap.9) |
||
| 904 |
_aSubratam _bdt. 03.04.2018 |
||
| 949 |
_AVIRTUAITEM _D10002 _X100 _6UNX000033434ENG _9(Pap.9) _eUN-33434 |
||
| 942 |
_2ddc _cBKS |
||
| 999 |
_aVIRTUA40 _c1410133 _d1410133 |
||
| 999 | _aVTLSSORT0080*0220*0400*0410*0440*0820*2450*2600*3000*4400*5000*5040*6500*6501*6510*7100*8520*9010*9020*9040*9992 | ||